000 00489nam a2200145 4500
008 030115s1992 us eng
020 _a0896930718
090 0 _aBS1365.3
_bW63
100 1 _aWiersbe, Warren W.
245 1 0 _aBe determined :
_bstanding firm in the face of opposition /
_cWarren W. Wiersbe.
260 _aIllinois :
_bVictor Books,
_cc1992.
300 _a160 p.
650 4 _aBible. O.T. Nehemiah
_xCommentaries.
951 _p17439
_oBS1365.3/W63
_j070613111206843
_d2000-12-21
_cGC
999 _c13981
_d13981